| 000 | 00875cab a22001815a 4500 | ||
|---|---|---|---|
| 001 | L146293 | ||
| 008 | 090106e20081217xxkd f s 000 0 eng d | ||
| 035 | _a(Sirsi) u146293 | ||
| 041 | 0 | _aeng | |
| 100 | 1 | _aStagg, James | |
| 245 | 0 | 0 |
_aCJ50 _bCivils puts Laing in top spot |
| 260 | _c2008 | ||
| 490 |
_aContract Journal _v446 (6705) 17 December 2008, 14-15 (2) |
||
| 520 | _aMonthly league table of new work winners, divided geographically and by sector. Sir Laing O'Rourke is at the top of the table for November 2008. Kier follows, at the second position with most of its contracts in the public sector. Balfour Beatty is at the third position of this table. Laing O'Rourke is also at the first place of the new work winners for the past twelve months. | ||
| 651 | 4 |
_aUnited Kingdom _y |
|
| 690 | _aPROPERTY-COMMERCIAL PROPERTY-COMMERCIAL PROPERTY MARKET | ||
| 942 | _n0 | ||
| 999 |
_c81117 _d81117 |
||